[Event "POR-ch U16"]
[Site "Luso"]
[Date "2016.07.21"]
[Round "2"]
[White "Martins, Goncalo Dias Paiva"]
[Black "Mesquita, Goncalo Sincero Cos"]
[Result "1-0"]
[WhiteElo "1472"]
[BlackElo "1202"]
[PlyCount "75"]
[EventDate "2016.07.20"]
[EventType "swiss"]
[EventRounds "7"]
[EventCountry "POR"]
[SourceTitle "EXT 2018"]
[Source "ChessBase"]
[SourceDate "2017.10.13"]
[SourceVersion "1"]
[SourceVersionDate "2017.10.13"]
[SourceQuality "1"]

1. d4 d5 2. c4 e6 3. Nc3 Nc6 4. Nf3 Nf6 5. Bg5 Be7 6. e3 Bd7 7. a3 0-0 8. Qc2 Ne8 9. h4 Bxg5 10. hxg5 g6 11. cxd5 exd5 12. Nxd5 Bf5 13. e4 Bg4 14. 0-0-0 Bxf3 15. gxf3 Qxg5+ 16. f4 Qd8 17. Bc4 Nf6 18. f3 Nxd5 19. Bxd5 Qf6 20. Qh2 h5 21. Rdg1 Kh7 22. e5 Qg7 23. Bxc6 bxc6 24. Qc2 Qh6 25. Rg5 Kg7 26. Rhxh5 Qxh5 27. Rxh5 gxh5 28. Qg2+ Kh6 29. Qg5+ Kh7 30. Qxh5+ Kg8 31. f5 f6 32. Qg6+ Kh8 33. exf6 Rxf6 34. Qxf6+ Kg8 35. Qg6+ Kf8 36. f6 Rd8 37. Qg7+ Ke8 38. Qe7# 1-0

[Event "POR-ch U16"]
[Site "Luso"]
[Date "2016.07.21"]
[Round "3"]
[White "Martins, Goncalo Dias Paiva"]
[Black "Stoffel, Joao Ruivo"]
[Result "0-1"]
[WhiteElo "1472"]
[BlackElo "1710"]
[PlyCount "96"]
[EventDate "2016.07.20"]
[EventType "swiss"]
[EventRounds "7"]
[EventCountry "POR"]
[SourceTitle "EXT 2018"]
[Source "ChessBase"]
[SourceDate "2017.10.13"]
[SourceVersion "1"]
[SourceVersionDate "2017.10.13"]
[SourceQuality "1"]

1. d4 d5 2. c4 c6 3. Nc3 Bf5 4. Bf4 e6 5. e3 Nf6 6. c5 Nbd7 7. Bd3 Bxd3 8. Qxd3 Nh5 9. Bg3 Be7 10. Nf3 Nxg3 11. fxg3 Qc7 12. Rf1 e5 13. e4 exd4 14. Nxd4 Nxc5 15. Qf3 Bf6 16. 0-0-0 Bxd4 17. Rxd4 Ne6 18. Rd2 d4 19. Ne2 Rd8 20. Nf4 0-0 21. h4 Qa5 22. Qb3 Nc5 23. Qc4 Nxe4 24. Rd3 Nc5 25. Rdf3 Ne4 26. Rd3 b5 27. Qc2 Qxa2 28. Ra3 Qc4 29. Rff3 Qxc2+ 30. Kxc2 Rd7 31. b4 Nd6 32. Nd3 Re8 33. Rf2 Re3 34. Ra6 Rc7 35. g4 Ne4 36. Rf4 c5 37. bxc5 Nxc5 38. Nxc5 Rxc5+ 39. Kd2 Re7 40. Rxd4 f6 41. Rd3 Rc4 42. Rg3 Rd7+ 43. Ke1 Rb7 44. g5 fxg5 45. hxg5 b4 46. Rf3 b3 47. Rd6 Rc8 48. Rfd3 b2 0-1

[Event "POR-ch U14"]
[Site "Luso"]
[Date "2015.07.25"]
[Round "5"]
[White "Lobo, Hugo Miguel Caldas"]
[Black "Martins, Goncalo Dias Paiva"]
[Result "0-1"]
[WhiteElo "1310"]
[BlackElo "1416"]
[PlyCount "48"]
[EventDate "2015.07.22"]
[EventType "swiss"]
[EventRounds "7"]
[EventCountry "POR"]
[SourceTitle "EXT 2018"]
[Source "ChessBase"]
[SourceDate "2017.10.13"]
[SourceVersion "1"]
[SourceVersionDate "2017.10.13"]
[SourceQuality "1"]

1. d4 d5 2. c4 e5 3. dxe5 d4 4. e3 Bb4+ 5. Bd2 dxe3 6. fxe3 Qh4+ 7. g3 Qe4 8. Nf3 Qxe3+ 9. Qe2 Qxe2+ 10. Bxe2 Bxd2+ 11. Nbxd2 Bf5 12. 0-0 f6 13. exf6 Nxf6 14. Ne1 Bh3 15. Rf2 Nbd7 16. Ndf3 Ng4 17. Nd4 Nxf2 18. Kxf2 0-0+ 19. Kg1 Rae8 20. Bd3 Nc5 21. b3 Re3 22. Be2 Rxe2 23. Nd3 Rg2+ 24. Kh1 Nxd3 0-1

[Event "POR-ch U14"]
[Site "Luso"]
[Date "2015.07.23"]
[Round "3"]
[White "Lanca, Luis"]
[Black "Martins, Goncalo Dias Paiva"]
[Result "0-1"]
[WhiteElo "1068"]
[BlackElo "1416"]
[PlyCount "82"]
[EventDate "2015.07.22"]
[EventType "swiss"]
[EventRounds "7"]
[EventCountry "POR"]
[SourceTitle "EXT 2018"]
[Source "ChessBase"]
[SourceDate "2017.10.13"]
[SourceVersion "1"]
[SourceVersionDate "2017.10.13"]
[SourceQuality "1"]

1. e4 d5 2. exd5 Qxd5 3. Nc3 Qa5 4. d4 c6 5. Bd2 Nf6 6. Ne4 Qf5 7. Bd3 Nxe4 8. f3 Nf2 9. Bxf5 Nxd1 10. Bxc8 Nd7 11. Bxd7+ Kxd7 12. Kxd1 c5 13. dxc5 e5 14. Be3 Rc8 15. Ke2 Bxc5 16. Bxc5 Rxc5 17. Rd1+ Ke6 18. Rd2 Rhc8 19. c3 b5 20. b4 Rxc3 21. Rd3 Rc2+ 22. Rd2 R2c4 23. a3 Rc3 24. Ra2 Rc2+ 25. Rxc2 Rxc2+ 26. Kf1 Ra2 27. Ke1 Rxa3 28. Kf2 Ra2+ 29. Kg3 Rb2 30. Nh3 h6 31. Re1 Rxb4 32. f4 e4 33. Re3 a5 34. Kg4 f5+ 35. Kh5 Rb2 36. Rg3 Kf7 37. Rc3 Rxg2 38. Rc5 Kg8 39. Rxb5 Kh7 40. Rxa5 g6+ 41. Kh4 Rg4# 0-1

[Event "Madeira AEJ op 11th"]
[Site "Sao Joao da Madeira"]
[Date "2014.10.12"]
[Round "7"]
[White "Pinto, Artur Daniel Moreir"]
[Black "Martins, Goncalo Dias Paiva"]
[Result "1/2-1/2"]
[WhiteElo "1577"]
[BlackElo "1362"]
[PlyCount "43"]
[EventDate "2014.10.04"]
[EventType "swiss"]
[EventRounds "7"]
[EventCountry "POR"]
[SourceTitle "EXT 2018"]
[Source "ChessBase"]
[SourceDate "2017.10.13"]
[SourceVersion "1"]
[SourceVersionDate "2017.10.13"]
[SourceQuality "1"]

1. e4 d5 2. exd5 Qxd5 3. Nc3 Qa5 4. Bb5+ c6 5. Bc4 Nf6 6. d3 Bg4 7. f3 Bh5 8. Nge2 Nbd7 9. Nf4 Bg6 10. Nxg6 hxg6 11. Qe2 Nd5 12. Bd2 Nxc3 13. Bxc3 Qg5 14. Bd2 Qh4+ 15. g3 Qxg3+ 16. hxg3 Rxh1+ 17. Kf2 Rh2+ 18. Kf1 Rxe2 19. Kxe2 a5 20. d4 b5 21. Bd3 f5 22. g4 1/2-1/2

[Event "POR-ch U14"]
[Site "Luso"]
[Date "2014.07.26"]
[Round "6"]
[White "Martins, Goncalo Dias Paiva"]
[Black "Flores, Miguel Santos"]
[Result "1-0"]
[WhiteElo "1270"]
[BlackElo "1398"]
[PlyCount "60"]
[EventDate "2014.07.23"]
[EventType "swiss"]
[EventRounds "7"]
[EventCountry "POR"]
[SourceTitle "EXT 2015"]
[Source "ChessBase"]
[SourceDate "2014.11.20"]
[SourceVersion "1"]
[SourceVersionDate "2014.11.20"]
[SourceQuality "1"]

1. d4 d5 2. c4 Nc6 3. Nc3 Nf6 4. Bg5 dxc4 5. Nf3 Bg4 6. e3 e5 7. d5 Na5 8. h3 Bd7 9. Nxe5 b5 10. a3 h6 11. Bh4 Be7 12. e4 0-0 13. f4 Bd6 14. Nxd7 Qxd7 15. e5 Bxe5 16. fxe5 Nh7 17. d6 a6 18. Be2 Rfe8 19. 0-0 Rxe5 20. Nd5 Nb7 21. Ne7+ Kf8 22. Ng6+ Kg8 23. Nxe5 Qxd6 24. Qxd6 Nxd6 25. Nc6 Re8 26. Ne7+ Kh8 27. Bh5 g6 28. Nxg6+ fxg6 29. Bxg6 Nf8 30. Bxe8 Nxe8 1-0

[Event "POR-ch U14"]
[Site "Luso"]
[Date "2014.07.26"]
[Round "5"]
[White "Silva, Ana Ines Teixeira D"]
[Black "Martins, Goncalo Dias Paiva"]
[Result "1/2-1/2"]
[WhiteElo "1498"]
[BlackElo "1270"]
[PlyCount "53"]
[EventDate "2014.07.23"]
[EventType "swiss"]
[EventRounds "7"]
[EventCountry "POR"]
[SourceTitle "EXT 2015"]
[Source "ChessBase"]
[SourceDate "2014.11.20"]
[SourceVersion "1"]
[SourceVersionDate "2014.11.20"]
[SourceQuality "1"]

1. e4 d5 2. exd5 Qxd5 3. Nc3 Qa5 4. d4 Nf6 5. Nf3 Ne4 6. Bd2 Nxd2 7. Qxd2 e6 8. a3 Bb4 9. Bd3 Bxc3 10. Qxc3 Qxc3+ 11. bxc3 0-0 12. 0-0 b6 13. Be4 c6 14. Ne5 Bb7 15. Rfe1 g5 16. a4 a6 17. Rab1 b5 18. axb5 axb5 19. c4 f6 20. Nd3 f5 21. Nc5 fxe4 22. Nxb7 Ra2 23. Rxe4 Rxc2 24. f3 Rxc4 25. Rxe6 Rxd4 26. Na5 Rc8 27. Rc1 1/2-1/2

[Event "St Joao da Madeira op 10th"]
[Site "Sao Joao da Madeira"]
[Date "2013.10.06"]
[Round "3.27"]
[White "Veiga, Jose Francisco RP"]
[Black "Martins, Goncalo Dias Paiva"]
[Result "1-0"]
[WhiteElo "1638"]
[BlackElo "1266"]
[PlyCount "119"]
[EventDate "2013.10.05"]
[EventType "swiss"]
[EventRounds "7"]
[EventCountry "POR"]
[SourceTitle "EXT 2015"]
[Source "ChessBase"]
[SourceDate "2014.11.20"]
[SourceVersion "1"]
[SourceVersionDate "2014.11.20"]
[SourceQuality "1"]

1. e4 c5 2. Nf3 Nc6 3. d4 cxd4 4. Nxd4 e5 5. Nb5 d6 6. N1c3 a6 7. Na3 b5 8. Nd5 Nf6 9. Bg5 Be7 10. Bxf6 Bxf6 11. Be2 Be6 12. c4 Bxd5 13. Qxd5 Nd4 14. cxb5 Nxe2 15. Qc6+ Ke7 16. Kxe2 axb5 17. Nxb5 Rc8 18. Na7 Rc7 19. Rac1 Rxa7 20. Rhd1 Qd7 21. Qb6 Rb7 22. Qa6 Qb5+ 23. Qxb5 Rxb5 24. Rc7+ Ke6 25. b3 Ra8 26. Rc2 Be7 27. Rdc1 Rb4 28. f3 f5 29. exf5+ Kxf5 30. Kd3 Rd4+ 31. Ke2 d5 32. a4 e4 33. Rc7 Bf6 34. fxe4+ Rxe4+ 35. Kf3 Rb8 36. Rb1 d4 37. g4+ Rxg4 38. Rc5+ Be5 39. Rxe5+ Kxe5 40. Kxg4 Rb4 41. Kf3 h5 42. a5 g5 43. a6 Rb8 44. b4 Rf8+ 45. Ke2 Ke4 46. Rb3 Rc8 47. Ra3 d3+ 48. Rxd3 Rc2+ 49. Rd2 Rc8 50. a7 h4 51. b5 g4 52. b6 g3 53. hxg3 hxg3 54. b7 g2 55. Kf2 Rg8 56. Kg1 Ke3 57. a8Q Rg4 58. Rxg2 Rxg2+ 59. Kxg2 Ke2 60. Qa3 1-0

[Event "St Joao da Madeira op 10th"]
[Site "Sao Joao da Madeira"]
[Date "2013.10.05"]
[Round "2.30"]
[White "Martins, Goncalo Dias Paiva"]
[Black "Serrano, Joao Pedro Cesario"]
[Result "1-0"]
[WhiteElo "1266"]
[BlackElo "1500"]
[PlyCount "85"]
[EventDate "2013.10.05"]
[EventType "swiss"]
[EventRounds "7"]
[EventCountry "POR"]
[SourceTitle "EXT 2015"]
[Source "ChessBase"]
[SourceDate "2014.11.20"]
[SourceVersion "1"]
[SourceVersionDate "2014.11.20"]
[SourceQuality "1"]

1. d4 e6 2. c4 c5 3. d5 d6 4. e4 exd5 5. cxd5 a6 6. Nc3 Be7 7. Nf3 Nf6 8. h3 0-0 9. Qc2 b5 10. Bd3 c4 11. Be2 Nbd7 12. Be3 Qc7 13. b4 cxb3 14. axb3 Bb7 15. Bd4 b4 16. Bd3 bxc3 17. 0-0 Ne5 18. Bxe5 dxe5 19. Ra4 Rac8 20. Rc4 Qd7 21. Nxe5 Qd6 22. Qxc3 Rxc4 23. bxc4 Rc8 24. Nf3 Qf4 25. Qb3 Qc7 26. e5 Nd7 27. d6 Nc5 28. Qb1 Bxd6 29. exd6 Qxd6 30. Bxh7+ Kf8 31. Rd1 Qf4 32. Qb6 Qc7 33. Qxc7 Rxc7 34. Ng5 g6 35. Rd8+ Ke7 36. Rg8 Ne6 37. Nxe6 Kxe6 38. Bxg6 fxg6 39. Rxg6+ Kf5 40. Rg4 a5 41. Rh4 a4 42. c5 Rxc5 43. Rh5+ 1-0